Luật chứng khoán và văn bản hướng dẫn thi hành

Salvato in:
Dettagli Bibliografici
Natura: Libro
Lingua:Undetermined
Pubblicazione: Hà Nội Chính trị quốc gia 2007
Soggetti:
Tags: Aggiungi Tag
Nessun Tag, puoi essere il primo ad aggiungerne! !
Thư viện lưu trữ: Trung tâm Học liệu Trường Đại học Cần Thơ
LEADER 00533nam a2200181Ia 4500
001 CTU_129037
008 210402s9999 xx 000 0 und d
020 |c 52000 
082 |a 346.597092 
082 |b L504 
245 0 |a Luật chứng khoán và văn bản hướng dẫn thi hành 
260 |a Hà Nội 
260 |b Chính trị quốc gia 
260 |c 2007 
650 |a Stock exchanges 
650 |x Law and legislation 
904 |i Tuyến 
980 |a Trung tâm Học liệu Trường Đại học Cần Thơ